عرض عادي عرض مارك
  • Gibaldi, Joseph,

مدخل إسم شخص

عدد التسجيلات المستخدمة في: 1

001 - رقم الضبط

  • حقل الضبط: 38520

003 - معرف رقم الضبط

  • حقل الضبط: OSt

005 - تاريخ ووقت أخر عملية

  • حقل الضبط: 20131029162531.0

008 - عناصر بيانات ثابتة الطول

  • حقل تحكم ثابت الطول: 131029|||a|||||| | ||| d

040 ## - مصدر الفهرسة

  • هيئة الفهرسة الأصلية: OSt
  • وكالة الكتابة: OSt

100 ## - مدخل -- أسم شخص

  • إسم شخص: Gibaldi, Joseph,
  • تواريخ مرتبطة بالاسم: 1942-

670 ## - بيانات المصدر موجوده

  • الاستشهاد بالمصدر: Work cat.: (OSt)0: Gibaldi, Joseph, 1942-, MLA handbook for writers of research papers /, 2003.